| 000 | 01150cam a2200217 4500 | ||
|---|---|---|---|
| 001 | WB3924-07 | ||
| 008 | 030625n2003 000 0 eng u | ||
| 035 | _a(Sirsi) u122737 | ||
| 245 | _aRetail growth out-of-town | ||
| 260 | _c2003 | ||
| 490 |
_aProperty Week _v68(24) 20 June 2003, 11 |
||
| 520 | _aColliers CRE "Midsummer retail report" predicts that retail property will outperform all other property sectors in 2003. Retail is the only sector to show both capital and rental growth. The report also showed that, while growth in high street rents has stopped in real terms, rental growth at retail parks is 50% and climbing. The latest "Focus on retail demand" also shows the strength of the out-of-town retail market. CCRE report can be viewed at http://www.colliers.com/fr_market_regional.html and the Focus at http://www.focusnet.co.uk/index.htm?action=view&oid=193. | ||
| 590 | _aWB | ||
| 650 | _aRETAIL RENTAL MARKET | ||
| 650 | _aRETAIL RENTAL GROWTH | ||
| 650 | _aOUT-OF-TOWN RETAIL | ||
| 650 | _aHIGH STREET RETAILING | ||
| 650 | _aPROPERTY INVESTMENT | ||
| 690 | _aPROPERTY-COMMERCIAL PROPERTY-RETAIL PROPERTY | ||
| 942 | _n0 | ||
| 999 |
_c72918 _d72918 |
||